[Event "Berlin Lichtenberger op 16th"]
[Site "Berlin"]
[Date "2017.08.23"]
[Round "5"]
[White "Reck, Jessica"]
[Black "Ellert, Oliver"]
[Result "1/2-1/2"]
[WhiteElo "1730"]
[BlackElo "1497"]
[PlyCount "139"]
[EventDate "2017.08.19"]
[EventType "swiss"]
[EventRounds "9"]
[EventCountry "GER"]
[SourceTitle "CBM 180 Extra"]
[Source "ChessBase"]
[SourceDate "2017.10.06"]
[SourceVersion "1"]
[SourceVersionDate "2017.10.06"]
[SourceQuality "1"]

1. e4 d5 2. exd5 Qxd5 3. Nc3 Qd6 4. d4 a6 5. g3 Nc6 6. Nge2 Bg4 7. Bg2 Bxe2 8. Nxe2 0-0-0 9. c3 e5 10. Be3 exd4 11. Nxd4 Nxd4 12. Bxd4 Qe6+ 13. Qe2 Qxe2+ 14. Kxe2 Ne7 15. Rad1 Nf5 16. Bh3 Rd5 17. c4 Ra5 18. Bc3 Rc5 19. Bd4 Ra5 20. a3 Kb8 21. Bc3 Rc5 22. Rd8+ Ka7 23. Bb4 Re5+ 24. Kd3 Ne7 25. f4 Nc6 26. Rd7 Nxb4+ 27. axb4 Re7 28. Rd8 g6 29. b3 Bg7 30. Rxh8 Bxh8 31. f5 Bg7 32. Rf1 Bh6 33. fxg6 hxg6 34. Rf3 f5 35. Rf2 Re3+ 36. Kc2 Bg7 37. Bg2 Rc3+ 38. Kd2 Rxb3 39. Bd5 Rb2+ 40. Ke1 Rxb4 41. Bf7 Rb1+ 42. Ke2 Rb2+ 43. Kf3 Rb3+ 44. Kf4 Bh6+ 45. Ke5 Bg7+ 46. Kf4 Rb6 47. Kg5 Bf6+ 48. Kf4 Be7 49. Re2 g5+ 50. Kf3 Rb3+ 51. Kg2 Bd6 52. c5 Rd3 53. cxd6 Rxd6 54. Rc2 c6 55. Kf2 b5 56. Ke2 Kb6 57. Rc3 Rh6 58. Rf3 Rf6 59. Bg8 f4 60. gxf4 gxf4 61. h4 Rf8 62. Bb3 a5 63. Kd3 c5 64. h5 c4+ 65. Bxc4 bxc4+ 66. Kxc4 Rf6 67. h6 Rxh6 68. Rxf4 Rc6+ 69. Kb3 Kb5 70. Rf5+ 1/2-1/2

[Event "Berlin Lichtenberger op 16th"]
[Site "Berlin"]
[Date "2017.08.21"]
[Round "3"]
[White "Seefeld, Marc"]
[Black "Ellert, Oliver"]
[Result "1-0"]
[WhiteElo "1924"]
[BlackElo "1497"]
[PlyCount "79"]
[EventDate "2017.08.19"]
[EventType "swiss"]
[EventRounds "9"]
[EventCountry "GER"]
[SourceTitle "CBM 180 Extra"]
[Source "ChessBase"]
[SourceDate "2017.10.06"]
[SourceVersion "1"]
[SourceVersionDate "2017.10.06"]
[SourceQuality "1"]

1. e4 d5 2. exd5 Qxd5 3. Nc3 Qd6 4. d4 Nc6 5. Nb5 Qd8 6. Bf4 e5 7. dxe5 Be6 8. Qxd8+ Kxd8 9. 0-0-0+ Kc8 10. Nc3 a6 11. Nf3 h6 12. h4 Bc5 13. Ne4 Bb6 14. Bg3 Nge7 15. a3 Nf5 16. Bf4 Nfd4 17. c3 Nxf3 18. gxf3 Re8 19. Rg1 Rg8 20. Nf6 Rh8 21. Rxg7 Bxf2 22. h5 b6 23. Rd2 Bh4 24. Rg8+ Rxg8 25. Nxg8 Na5 26. Rh2 Kb7 27. Nxh6 Be7 28. Bd3 Rh8 29. Nf5 Bd8 30. Be4+ Ka7 31. h6 Nb3+ 32. Kc2 Nc5 33. b4 Nxe4 34. fxe4 Rh7 35. Rg2 Rh8 36. Kd3 b5 37. Ke3 f6 38. exf6 Bxf6 39. Rg6 Rf8 40. h7 1-0

[Event "Berlin Lichtenberger op 16th"]
[Site "Berlin"]
[Date "2017.08.20"]
[Round "2"]
[White "Kohlmeyer, Dagobert"]
[Black "Ellert, Oliver"]
[Result "0-1"]
[WhiteElo "1888"]
[BlackElo "1497"]
[PlyCount "106"]
[EventDate "2017.08.19"]
[EventType "swiss"]
[EventRounds "9"]
[EventCountry "GER"]
[SourceTitle "CBM 180 Extra"]
[Source "ChessBase"]
[SourceDate "2017.10.06"]
[SourceVersion "1"]
[SourceVersionDate "2017.10.06"]
[SourceQuality "1"]

1. e4 d5 2. exd5 Qxd5 3. Nc3 Qd6 4. d4 Nc6 5. Be3 Bf5 6. Bb5 0-0-0 7. Bxc6 Qxc6 8. Nf3 Nf6 9. 0-0 Bg4 10. Ne5 Qe6 11. Nxg4 Qxg4 12. h3 Qxd1 13. Rfxd1 Nd5 14. Nxd5 Rxd5 15. c4 Rd7 16. d5 g6 17. Bxa7 Bg7 18. Rab1 Rhd8 19. Bd4 Bh6 20. Be3 Bxe3 21. fxe3 e6 22. e4 f5 23. exf5 gxf5 24. Rf1 exd5 25. Rxf5 dxc4 26. Rbf1 Rd1 27. R5f2 Rxf1+ 28. Kxf1 b5 29. Ke1 Kb7 30. Rf7 h6 31. Rf6 Rd6 32. Rxd6 cxd6 33. g4 Kc7 34. a3 d5 35. Kd2 Kd6 36. h4 Ke5 37. g5 hxg5 38. hxg5 d4 39. Kc2 Kf5 40. b3 cxb3+ 41. Kxb3 Kxg5 42. Kc2 Kf4 43. Kd2 Ke4 44. Ke2 Kd5 45. Kd3 Kc5 46. Kd2 Kc4 47. Kc2 d3+ 48. Kd2 Kd4 49. Kd1 Kc3 50. Kc1 Kb3 51. Kd2 Kxa3 52. Kxd3 b4 53. Kc2 Ka2 0-1